Practical handbook of advanced interventional cardiology/ (Record no. 121470)
[ view plain ]
| 000 -LEADER | |
|---|---|
| fixed length control field | 01371nam a2200385 a 4500 |
| 008 - FIXED-LENGTH DATA ELEMENTS--GENERAL INFORMATION | |
| fixed length control field | |
| 020 ## - INTERNATIONAL STANDARD BOOK NUMBER | |
| International Standard Book Number | 9780470670477 (paperback) |
| 040 ## - CATALOGING SOURCE | |
| Original cataloging agency | NUST |
| Transcribing agency | NUST |
| 049 ## - LOCAL HOLDINGS (OCLC) | |
| Holding library | MAIN |
| 090 ## - LOCALLY ASSIGNED LC-TYPE CALL NUMBER (OCLC); LOCAL CALL NUMBER (RLIN) | |
| Classification number (OCLC) (R) ; Classification number, CALL (RLIN) (NR) | RD598 |
| Local cutter number (OCLC) ; Book number/undivided call number, CALL (RLIN) | PRA |
| 003 - CONTROL NUMBER IDENTIFIER | |
| control field | |
| 005 - DATE AND TIME OF LATEST TRANSACTION | |
| control field | 20230120204334.0 |
| 245 10 - TITLE STATEMENT | |
| Title | Practical handbook of advanced interventional cardiology/ |
| Statement of responsibility, etc. | edited by Thach Nguyen ; Shigeru Saito ; Dayi Hu ; Cindy Grines ; Shao Liang Chen ; C Michael Gibson ; Moo-Hyun Kim & Steven R Bailey. |
| 250 ## - EDITION STATEMENT | |
| Edition statement | Fourth edition. |
| 260 ## - PUBLICATION, DISTRIBUTION, ETC. | |
| Place of publication, distribution, etc. | West Sussex, U.K : |
| Name of publisher, distributor, etc. | John Wiley & Sons, |
| Date of publication, distribution, etc. | 2013. |
| 300 ## - PHYSICAL DESCRIPTION | |
| Extent | xxv, 686 pages : |
| Other physical details | illustrations ; |
| Dimensions | 22 cm. |
| 336 ## - CONTENT TYPE | |
| Content type term | text |
| Content type code | txt |
| Source | rdacontent |
| 337 ## - MEDIA TYPE | |
| Media type term | unmediated |
| Media type code | n |
| Source | rdamedia |
| 338 ## - CARRIER TYPE | |
| Carrier type term | volume |
| Carrier type code | nc |
| Source | rdacarrier |
| 500 ## - GENERAL NOTE | |
| General note | Includes index. |
| 504 ## - BIBLIOGRAPHY, ETC. NOTE | |
| Bibliography, etc. note | Includes bibliographical references. |
| 650 #1 - SUBJECT ADDED ENTRY--TOPICAL TERM | |
| Topical term or geographic name entry element | Heart |
| General subdivision | Diseases |
| Form subdivision | Treatment. |
| 650 ## - SUBJECT ADDED ENTRY--TOPICAL TERM | |
| Topical term or geographic name entry element | Heart |
| General subdivision | Endoscopic surgery. |
| 650 ## - SUBJECT ADDED ENTRY--TOPICAL TERM | |
| Topical term or geographic name entry element | Heart |
| General subdivision | Surgery. |
| 700 ## - ADDED ENTRY--PERSONAL NAME | |
| Personal name | Nguyen, Thach., |
| -- | editor. |
| 700 ## - ADDED ENTRY--PERSONAL NAME | |
| Personal name | Saito, Shigeru., |
| -- | editor. |
| 700 ## - ADDED ENTRY--PERSONAL NAME | |
| Personal name | Hu, Dayi., |
| -- | editor. |
| 700 ## - ADDED ENTRY--PERSONAL NAME | |
| Personal name | Grines, Cindy., |
| -- | editor. |
| 700 ## - ADDED ENTRY--PERSONAL NAME | |
| Personal name | Chen, Shao Liang., |
| -- | editor. |
| 700 ## - ADDED ENTRY--PERSONAL NAME | |
| Personal name | Gibson, C Michael., |
| -- | editor. |
| 700 ## - ADDED ENTRY--PERSONAL NAME | |
| Personal name | Kim, Moo-Hyun., |
| -- | editor. |
| 700 ## - ADDED ENTRY--PERSONAL NAME | |
| Personal name | Bailey, Steven R., |
| -- | editor. |
| 907 ## - LOCAL DATA ELEMENT G, LDG (RLIN) | |
| a | .b10412426 |
| b | 03-11-21 |
| c | 03-11-21 |
| 942 ## - ADDED ENTRY ELEMENTS (KOHA) | |
| Koha item type | Ordinary Loan Books |
| Call number prefix | RD598 |
| Call number suffix | PRA |
| Date last seen | Total Checkouts | Full call number | Barcode | Cost, replacement price | Price effective from | Koha item type | Lost status | Source of classification or shelving scheme | Damaged status | Not for loan | Collection | Withdrawn status | Home library | Current library | Shelving location | Date acquired | Cost, normal purchase price |
|---|---|---|---|---|---|---|---|---|---|---|---|---|---|---|---|---|---|
| 01/20/2023 | RD598 PRA | 92004050041 | 80.00 | 01/20/2023 | BOOKS | LCC | NFIC | MEDICAL | MEDICAL | GEN | 01/20/2023 | 80.00 |